Central Library OPAC University of Rajshahi

Social work and social work education / (Record no. 49831)

MARC details
000 -LEADER
fixed length control field 00785nam a2200253 a 4500
001 - CONTROL NUMBER
control field 49831
003 - CONTROL NUMBER IDENTIFIER
rucl marc code BD-RjUL
005 - DATE AND TIME OF LATEST TRANSACTION
control field 20211209054733.0
008 - FIXED-LENGTH DATA ELEMENTS--GENERAL INFORMATION
fixed length control field 160821s1965 nyu b 001 0 eng
035 ## - SYSTEM CONTROL NUMBER
System control number (BD-RjUL)49951
040 ## - CATALOGING SOURCE
Original cataloging agency DLC
Transcribing agency FJUNF
Modifying agency BD-RjUL
Language of cataloging eng
041 ## - LANGUAGE CODE
Language code of text/sound track or separate title eng
082 ## - DEWEY DECIMAL CLASSIFICATION NUMBER
Edition number 23
Classification number 361.954
Author mark and year GOS 1965
100 1# - MAIN ENTRY--PERSONAL NAME
Personal name Gore, M. S.
9 (RLIN) 149357
245 10 - TITLE STATEMENT
Title Social work and social work education /
Statement of responsibility, etc. M.S. Gore.
260 ## - PUBLICATION, DISTRIBUTION, ETC. (IMPRINT)
Place of publication, distribution, etc. New York :
Name of publisher, distributor, etc. Asia Pub. House,
Date of publication, distribution, etc. c1965
300 ## - PHYSICAL DESCRIPTION
Pagination 155 p. ;
Size 23 cm.
500 ## - GENERAL NOTE
General note Papers writen over a ten year period for conferences and seminars.
504 ## - BIBLIOGRAPHY, ETC. NOTE
Bibliography, etc Bibliographical footnotes.
650 #0 - SUBJECT ADDED ENTRY--TOPICAL TERM
Topical term or geographic name as entry element Public welfare
Geographic subdivision India.
9 (RLIN) 148549
Topical term or geographic name as entry element Social workers
Geographic subdivision India.
9 (RLIN) 149358
Topical term or geographic name as entry element Social work education.
9 (RLIN) 149359
942 ## - ADDED ENTRY ELEMENTS (KOHA)
Source of classification or shelving scheme Dewey Decimal Classification
Koha item type Books
Holdings
Lost status Source of classification or shelving scheme Damaged status Not for loan Collection code Permanent Location Current Location Shelving location Date acquired Source of acquisition Cost, normal purchase price Total Checkouts Full call number Date last seen Copy number Koha item type
  Dewey Decimal Classification     Non-fiction Central Library, University of Rajshahi Central Library, University of Rajshahi   15/11/1976 Zeithlinger 30.00   361.954 GOS 1965 22/08/2016 C-2 Books
  Dewey Decimal Classification     Non-fiction Central Library, University of Rajshahi Central Library, University of Rajshahi   15/11/1976 Zeithlinger 30.00   361.954 GOS 1965 22/08/2016 C-3 Books
  Dewey Decimal Classification     Non-fiction Central Library, University of Rajshahi Central Library, University of Rajshahi   13/05/1978 Aisa pub. home bombay 18.00   361.954 GOS 1965 22/08/2016 C-5 Books
  Dewey Decimal Classification     Non-fiction Central Library, University of Rajshahi Central Library, University of Rajshahi   13/05/1978 Aisa pub. home bombay 18.00   361.954 GOS 1965 22/08/2016 C-4 Books